Výhody a riziká otvorenosti ekonomiky SR

Analýza problematiky otvorenosti ekonomík. Charakteristika základných pojmov. Údaje o exportnej výkonnosti a importnej náročnosti slovenského hospodárstva za obdobie 2007 – 2017.

Uložené v:
Podrobná bibliografia
Hlavný autor: Meheš, Marek
Ďalší autori: Stašková, Slavomíra, 1989-, Herbrik, Gabriel
Médium: Kapitola
Jazyk:Slovak
Predmet:
Tagy: Pridať tag
Žiadne tagy, Buďte prvý, kto otaguje tento záznam!

MARC

LEADER 00000naa$a2200000$$$4500
001 0252575
005 20240502074044.4
041 0 |a slo 
044 |a SK 
245 1 0 |a Výhody a riziká otvorenosti ekonomiky SR  |c Marek Meheš, Slavomíra Stašková, Gabriel Herbrik 
520 |a Analýza problematiky otvorenosti ekonomík. Charakteristika základných pojmov. Údaje o exportnej výkonnosti a importnej náročnosti slovenského hospodárstva za obdobie 2007 – 2017. 
610 2 0 |a dovoz 
610 2 0 |a vývoz 
610 2 0 |a produkt domáci hrubý 
610 2 0 |a Slovensko 
100 1 |a Meheš, Marek 
700 1 |a Stašková, Slavomíra, 1989- 
700 1 |a Herbrik, Gabriel